000 00654nam a2200277Ia 4500
005 20260324150752.0
008 008 260324s9999 xx 000 0 eng d
020 _a9781315122618
037 _aEBOOK
040 _aCRL
040 _beng
040 _cCRL
041 _2eng
041 _aeng
084 _qCRL
100 _aThomas Hywel Hughes
_91227388
245 0 _aRevival: Psychology and Religious Truth (1942)
260 _bTaylor and Francis
260 _c1942
365 _a
365 _b240
856 _uhttp://www.taylorfrancis.com/books/9781315122618
942 _cEBOOK
999 _c1837602
_d1837602